Light / (Record no. 8402)

MARC details
000 -LEADER
fixed length control field 01515cam a2200409 a 4500
001 - CONTROL NUMBER
control field 8402
003 - CONTROL NUMBER IDENTIFIER
control field FISKH
005 - DATE AND TIME OF LATEST TRANSACTION
control field 20250910145709.0
008 - FIXED-LENGTH DATA ELEMENTS--GENERAL INFORMATION
fixed length control field 070309s2008 mnua j b 001 0 eng
010 ## - LIBRARY OF CONGRESS CONTROL NUMBER
LC control number 2007010297
020 ## - INTERNATIONAL STANDARD BOOK NUMBER
International Standard Book Number 9781600140976
Qualifying information hardcover : alk. paper
020 ## - INTERNATIONAL STANDARD BOOK NUMBER
International Standard Book Number 9780531284551
020 ## - INTERNATIONAL STANDARD BOOK NUMBER
International Standard Book Number 1600140971
Qualifying information hardcover : alk. paper
040 ## - CATALOGING SOURCE
Original cataloging agency DLC
Transcribing agency DLC
Modifying agency DLC
Language of cataloging eng
050 00 - LIBRARY OF CONGRESS CALL NUMBER
Classification number QC360
Item number .S38 2008
082 00 - DEWEY DECIMAL CLASSIFICATION NUMBER
Classification number 535
Edition number 22
100 1# - MAIN ENTRY--PERSONAL NAME
Personal name Schuh, Mari C.,
Dates associated with a name 1975-
245 10 - TITLE STATEMENT
Title Light /
Statement of responsibility, etc. by Mari Schuh.
260 ## - PUBLICATION, DISTRIBUTION, ETC.
Place of publication, distribution, etc. Minneapolis :
Name of publisher, distributor, etc. Bellwether Media,
Date of publication, distribution, etc. 2008.
300 ## - PHYSICAL DESCRIPTION
Extent 24 pages :
Other physical details color illustrations ;
Dimensions 23 cm
336 ## - CONTENT TYPE
Content type term text
Content type code txt
Source rdacontent
337 ## - MEDIA TYPE
Media type term unmediated
Media type code n
Source rdamedia
338 ## - CARRIER TYPE
Carrier type term volume
Carrier type code nc
Source rdacarrier
490 0# - SERIES STATEMENT
Series statement Blastoff! readers
490 0# - SERIES STATEMENT
Series statement First science
504 ## - BIBLIOGRAPHY, ETC. NOTE
Bibliography, etc. note Includes bibliographical references (p. 23) and index.
505 0# - FORMATTED CONTENTS NOTE
Formatted contents note What is Light? -- Sources of light -- Light rays -- Reflection.
505 0# - FORMATTED CONTENTS NOTE
Formatted contents note K<br/>
520 ## - SUMMARY, ETC.
Summary, etc. "First Science explains introductory physical science concepts about light through real-world observation and simple scientific diagrams. Intended for students in grades three through six"--Provided by publisher.
521 8# - TARGET AUDIENCE NOTE
Target audience note 510<br/>
Source Lexile estimate<br/>
521 8# - TARGET AUDIENCE NOTE
Target audience note K<br/>
Source Raz-Plus<br/>
650 #0 - SUBJECT ADDED ENTRY--TOPICAL TERM
Topical term or geographic name entry element Light
Form subdivision Juvenile literature.
655 #7 - INDEX TERM--GENRE/FORM
Genre/form data or focus term Literature.
Source of term lcgft
Authority record control number or standard number https://id.loc.gov/authorities/genreForms/gf2014026415
906 ## - LOCAL DATA ELEMENT F, LDF (RLIN)
a 7
b cbc
c orignew
d 1
e ecip
f 20
g y-gencatlg
942 ## - ADDED ENTRY ELEMENTS (KOHA)
Source of classification or shelving scheme Dewey Decimal Classification
Koha item type Books
Suppress in OPAC No
Holdings
Withdrawn status Lost status Source of classification or shelving scheme Damaged status Not for loan Collection Home library Current library Shelving location Date acquired Total Checkouts Full call number Barcode Date last seen Copy number Price effective from Koha item type
    Dewey Decimal Classification     Non-Fiction Footprints International School Library Network Toul Tom Poung Campus Footprints International School Library Network Toul Tom Poung Campus TTP Primary Yellow Bookshelves 09/10/2025   SCH 535 QC360 .S38 FISBK02417 09/10/2025 1 09/10/2025 Books
    Dewey Decimal Classification     Non-Fiction Footprints International School Library Network Toul Tom Poung Campus Footprints International School Library Network Toul Tom Poung Campus TTP Primary Yellow Bookshelves 03/03/2026   SCH 535 QC360 .S38 2026-0284 03/03/2026 2 03/03/2026 Books